| 000 | 00730cam4a220024100 4500 | ||
|---|---|---|---|
| 001 | zam00002257 | ||
| 008 | 951128s1973 xx eng u | ||
| 035 | _a(Sirsi) r19636 | ||
| 035 | _a(MACHINE)SLC. | ||
| 100 |
_aAinsworth, G. C. _6A80581.1 |
||
| 245 | 1 | 4 |
_aThe fungi : _bvol. iv ascomycetes and fungi imperfection. |
| 260 | _c1973. | ||
| 949 |
_aQK603 _wlcc _i-17670 _mMAIN _tBOOK _lON-SHELF |
||
| 949 |
_aQK603 _wlcc _i-17671 _mMAIN _tBOOK _lON-SHELF |
||
| 004 | 19636 | ||
| 591 | _aClass code: BS 935. | ||
| 591 | _aCourse: Plant pathology. | ||
| 591 | _aSchool: S09. | ||
| 591 | _aLecturer: Prof. KAPOORIA, R.G. | ||
| 591 | _aNumber of Students: 29. | ||
| 900 |
_2MAIN _8QK603 _9AIN _c2 |
||
| 909 | _aBook | ||
| 999 |
_c168863 _d168864 |
||